Two Clues for One Answer Quiz Stats

Quiz Updated Apr 3, 2016

Challenge
Share
Tweet
Embed
Score 0/13 Timer 05:00
0 Plays Today
% Correct
Knife
90.1%
Cable
88.4%
Wrench
86.9%
Dish
82.1%
Robin
82%
Bread
81.2%
Mabel
80.6%
Curly
78.8%
Orion
78.4%
Waffle
76.4%
Meadowlark
70.4%
Artemis
67.5%
Dipper
62%

You're not logged in!

Compare scores with friends on all Sporcle quizzes.
Join for Free
OR
Log In

You Might Also Like...

Show Comments

Extras

Top Quizzes Today


Score Distribution

Your Account Isn't Verified!

In order to create a playlist on Sporcle, you need to verify the email address you used during registration. Go to your Sporcle Settings to finish the process.

Report this User

Report this user for behavior that violates our Community Guidelines.

Details: